Asalto al Moncada
Guardado en:
| Institution som forfatter: | |
|---|---|
| Format: | Texto |
| Udgivet: |
La Habana:
Cuba
|
| Tags: |
Tilføj Tag
Ingen Tags, Vær først til at tagge denne postø!
|
MARC
| LEADER | 00000 a a2200000 04500 | ||
|---|---|---|---|
| 001 | 25159 | ||
| 003 | |||
| 040 | |||
| 090 | |a 179400 | ||
| 110 | |a GRANMA | ||
| 245 | |a Asalto al Moncada | ||
| 260 | |a La Habana: |b Cuba | ||
| 300 | |a 70 p. |b il. | ||
| 999 | |c 15516 |d 15516 | ||
